Katılımcı demokrasi, kamusal alan ve yerel yönetim / (Record no. 19396)

MARC details
000 -LEADER
fixed length control field 00902 a2200277 4500
001 - CONTROL NUMBER
control field 19396
003 - CONTROL NUMBER IDENTIFIER
control field TR-AnTOB
005 - DATE AND TIME OF LATEST TRANSACTION
control field 20240827103805.0
008 - FIXED-LENGTH DATA ELEMENTS--GENERAL INFORMATION
fixed length control field 041102s1999 tu tur
020 ## - INTERNATIONAL STANDARD BOOK NUMBER
International Standard Book Number 9757237124
035 ## - SYSTEM CONTROL NUMBER
System control number 19396
041 ## - LANGUAGE CODE
Language code of text/sound track or separate title Türkçe
050 ## - LIBRARY OF CONGRESS CALL NUMBER
Classification number JS325
Item number .K34 1999
090 ## - LOCALLY ASSIGNED LC-TYPE CALL NUMBER (OCLC); LOCAL CALL NUMBER (RLIN)
Classification number (OCLC) (R) ; Classification number, CALL (RLIN) (NR) JS325 .K34 1999
100 ## - MAIN ENTRY--PERSONAL NAME
Personal name Kahraman, Hasan Bülent,
Dates associated with a name 1957-
9 (RLIN) 101140
245 #0 - TITLE STATEMENT
Title Katılımcı demokrasi, kamusal alan ve yerel yönetim /
Statement of responsibility, etc. Hasan Bülent Kahraman ; E. Fuat Keyman , Ali Yaşar Sarıbay ; önsöz İlhan Tekeli.
264 #1 - PRODUCTION, PUBLICATION, DISTRIBUTION, MANUFACTURE, AND COPYRIGHT NOTICE
Place of production, publication, distribution, manufacture İstanbul :
Name of producer, publisher, distributor, manufacturer Demokrasi Kitaplığı,
Date of production, publication, distribution, manufacture, or copyright notice 1999
300 ## - PHYSICAL DESCRIPTION
Extent 62 p. :
Other physical details 22 cm.
490 0# - SERIES STATEMENT
Series statement Demokrasi Kitaplığı Arayışlar, Tartışmalar, Deneyimler Dizisi; 2
500 ## - GENERAL NOTE
General note Includes bibliographies.
650 #7 - SUBJECT ADDED ENTRY--TOPICAL TERM
Topical term or geographic name entry element Demokrasi
General subdivision Tarih
Source of heading or term etuturkob
9 (RLIN) 7136
Topical term or geographic name entry element Sivil toplum
Source of heading or term etuturkob
9 (RLIN) 9435
Topical term or geographic name entry element Yerel yönetim
9 (RLIN) 83252
902 ## - LOCAL DATA ELEMENT B, LDB (RLIN)
a 0006331
942 ## - ADDED ENTRY ELEMENTS (KOHA)
Koha item type Book
Holdings
Withdrawn status Lost status Source of classification or shelving scheme Materials specified (bound volume or other part) Not for loan Collection code Home library Current library Shelving location Date acquired Source of acquisition Serial Enumeration / chronology Inventory number Total Checkouts Total Renewals Total Holds Full call number Barcode Date last seen Date last checked out Copy number Date shelved Koha item type
      C.1 Ödünç Verilebilir / Available Genel Koleksiyon Merkez Kütüphane Merkez Kütüphane Genel Koleksiyon / Main Collection 29/12/2005 Satın Alma / Purchase 1 SUİ 1 1   JS325 .K34 1999 0006331 08/04/2019 10/01/2019 1 21/04/2010 Book
Devinim Yazılım Eğitim Danışmanlık tarafından Koha'nın orjinal sürümü uyarlanarak geliştirilip kurulmuştur.